Welcome to WEB OPAC of MRSPTU Central Library

Millman electronic devices and circuits (Record no. 4681)

MARC details
000 -LEADER
fixed length control field 00451nam a2200169Ia 4500
008 - FIXED-LENGTH DATA ELEMENTS--GENERAL INFORMATION
fixed length control field 230711s9999||||xx |||||||||||||| ||und||
041 ## - LANGUAGE CODE
Language code of text/sound track or separate title ENG
082 ## - DEWEY DECIMAL CLASSIFICATION NUMBER
Classification number 621.3815
Item number MI-M
100 ## - MAIN ENTRY--PERSONAL NAME
Personal name Millman,Jacob
245 #0 - TITLE STATEMENT
Title Millman electronic devices and circuits
250 ## - EDITION STATEMENT
Edition statement 2nd . Ed.
260 ## - PUBLICATION, DISTRIBUTION, ETC.
Date of publication, distribution, etc. 1967
Place of publication, distribution, etc. New Delhi
Name of publisher, distributor, etc. Tata McGraw Hill Education Limited
300 ## - PHYSICAL DESCRIPTION
Extent 656
650 ## - SUBJECT ADDED ENTRY--TOPICAL TERM
Topical term or geographic name entry element Electronics Engineering
700 ## - ADDED ENTRY--PERSONAL NAME
Personal name Halkias Christos C
942 ## - ADDED ENTRY ELEMENTS (KOHA)
Koha item type Book
Holdings
Withdrawn status Lost status Damaged status Not for loan Collection Home library Current library Date acquired Total checkouts Full call number Barcode Date last seen Price effective from Koha item type
          MRSPTU Central Library MRSPTU Central Library     621.3815 MI-M 16397 08/17/2023 08/17/2023 Book
          MRSPTU Central Library MRSPTU Central Library     621.3815 MI-M 16398 08/17/2023 08/17/2023 Book
          MRSPTU Central Library MRSPTU Central Library     621.3815 MI-M 16399 08/17/2023 08/17/2023 Book
          MRSPTU Central Library MRSPTU Central Library     621.3815 MI-M 16400 08/17/2023 08/17/2023 Book
          MRSPTU Central Library MRSPTU Central Library     621.3815 MI-M 16401 08/17/2023 08/17/2023 Book
          MRSPTU Central Library MRSPTU Central Library     621.3815 MI-M 16402 08/17/2023 08/17/2023 Book
          MRSPTU Central Library MRSPTU Central Library     621.3815 MI-M 16403 08/17/2023 08/17/2023 Book
          MRSPTU Central Library MRSPTU Central Library     621.3815 MI-M 16404 08/17/2023 08/17/2023 Book
          MRSPTU Central Library MRSPTU Central Library     621.3815 MI-M 16405 08/17/2023 08/17/2023 Book
          MRSPTU Central Library MRSPTU Central Library     621.3815 MI-M 16406 08/17/2023 08/17/2023 Book

Website Designed and Developed by MRSPTU Central Library Team

E-mail Id: librarian@mrsptu.ac.in